L' Empire du Soleil levent
সংরক্ষণ করুন:
| প্রধান লেখক: | |
|---|---|
| বিন্যাস: | গ্রন্থ |
| ভাষা: | Undetermined |
| প্রকাশিত: |
Paris
Librairie Hachette et C
1906
|
| বিষয়গুলি: | |
| ট্যাগগুলো: |
ট্যাগ যুক্ত করুন
কোনো ট্যাগ নেই, প্রথমজন হিসাবে ট্যাগ করুন!
|
| Thư viện lưu trữ: | Trung tâm Học liệu Trường Đại học Cần Thơ |
|---|
| LEADER | 00470nam a2200181Ia 4500 | ||
|---|---|---|---|
| 001 | CTU_114942 | ||
| 008 | 210402s9999 xx 000 0 und d | ||
| 082 | |a 940.5425 | ||
| 082 | |b S967 | ||
| 100 | |a Suyematzu, Baron | ||
| 245 | 0 | |a L' Empire du Soleil levent | |
| 245 | 0 | |c Baron Suyematzu | |
| 260 | |a Paris | ||
| 260 | |b Librairie Hachette et C | ||
| 260 | |c 1906 | ||
| 650 | |a World war | ||
| 650 | |z Japan | ||
| 980 | |a Trung tâm Học liệu Trường Đại học Cần Thơ | ||